| 000 | 00608nam a2200181Ia 4500 | ||
|---|---|---|---|
| 008 | 220705s9999||||xx |||||||||||||| ||und|| | ||
| 020 | _a978-981-10-3712-2 | ||
| 020 | _a978-981-10-3713-9 | ||
| 040 | _cSpringer | ||
| 041 | _aENG | ||
| 100 | _a Oran R Young | ||
| 100 | _aMasami Onoda | ||
| 245 | 0 | _aSatellite Earth Observations and Their Impact on Society and Policy | |
| 260 |
_bSpringer Nature Singapore _c2017 |
||
| 650 | _aEarth and Environmental Science | ||
| 856 |
_fhttps://doi.org/10.1007/978-981-10-3713-9 _uhttps://link.springer.com/openurl?genre=book&isbn=978-981-10-3713-9 |
||
| 942 | _cEBK | ||
| 999 |
_c76183 _d76183 |
||